Biodiversity of Cambodia: (Registro nro. 20536)
[ vista simple ]
| 000 -CABECERA | |
|---|---|
| Campo de control | 00842nam a22002657a 4500 |
| 005 - FECHA Y HORA DE LA ULTIMA TRANSACCION | |
| Campo de control | 20191030050339.0 |
| 008 - ELEMENTOS DE LONGITUD FIJA—INFORMACION GENERAL | |
| Campo de control | 191030b xxu||||| |||| 00| 0 spa d |
| 020 ## - ISBN | |
| ISBN | 9788968110856 |
| 040 ## - FUENTE DE CATALOGACIÓN | |
| Agencia catalogadora original | CO-BoIAVH |
| Agencia transcriptora | CO-BoIAVH |
| 041 ## - IDIOMA | |
| Código de idioma para texto/pista de sonido o título separado | Español |
| 044 ## - PAÍS DE PUBLICACIÓN | |
| País de publicación | Corea (Sur) |
| 082 ## - NUMERO DE CLASIFICACION DECIMAL DEWEY | |
| Número de clasificación | 635.9373 |
| Número del ítem | B99b |
| 100 ## - ASIENTO PRINCIPAL--NOMBRE PERSONAL | |
| 9 (RLIN) | 101841 |
| Nombre personal | Byung-Yun, Sun |
| 245 ## - MENCION DE TITULO | |
| Título | Biodiversity of Cambodia: |
| Parte restante del título | Lycophytes and ferns. |
| 260 ## - PUBLICACION, DISTRIBUCION, ETC. (PIE DE IMPRENTA) | |
| Lugar de publicación, distribución, etc. | Incheon: |
| Nombre del editor, distribuidor, etc. | National Institute of Biological Resources, |
| -- | Ministry of Environment, |
| Fecha de publicación, distribución, etc. | 2014. |
| 300 ## - DESCRIPCION FISICA | |
| Extensión | 208 Páginas: |
| Otros detalles físicos | fotografías, |
| Dimensiones | 26 x 18 cm. |
| 490 ## - MENCION DE SERIE | |
| Mención de serie | Biodiversity of Cambodia. |
| 650 #0 - ASIENTO SECUNDARIO DE MATERIA - TERMINO TEMATICO | |
| 9 (RLIN) | 73304 |
| Término temático o nombre geográfico como elemento de entrada | Guía Ilustrada |
| 650 #0 - ASIENTO SECUNDARIO DE MATERIA - TERMINO TEMATICO | |
| 9 (RLIN) | 58037 |
| Término temático o nombre geográfico como elemento de entrada | Helechos |
| Subdivisión general | Taxonomía. |
| 650 #0 - ASIENTO SECUNDARIO DE MATERIA - TERMINO TEMATICO | |
| 9 (RLIN) | 54 |
| Término temático o nombre geográfico como elemento de entrada | Biodiversidad |
| 700 ## - ASIENTO SECUNDARIO - NOMBRE PERSONAL | |
| 9 (RLIN) | 101842 |
| Nombre personal | Chun, Hwang In |
| 700 ## - ASIENTO SECUNDARIO - NOMBRE PERSONAL | |
| 9 (RLIN) | 101843 |
| Nombre personal | Myung-Ok, Moon |
| 700 ## - ASIENTO SECUNDARIO - NOMBRE PERSONAL | |
| 9 (RLIN) | 101844 |
| Nombre personal | Nang, Keth |
| 942 ## - ELEMENTOS ADICIONALES (KOHA) | |
| Sistema de clasificación | Dewey Decimal Classification |
| Tipo de ítem | Libro |
| Withdrawn status | Lost status | Sistema de Clasificación | Damaged status | No para préstamo | Colección | Ubicación Permanente | Ubicación actual | Fecha de adquisición | Total Checkouts | Número topográfico | Inventario / Código de Barras | Date last seen | Ejemplar | Price effective from | Forma de adquisición | Tipo de material |
|---|---|---|---|---|---|---|---|---|---|---|---|---|---|---|---|---|
| Dewey Decimal Classification | General | Bogotá | Bogotá | 30/10/2019 | LB-635.9373 B99b | 043657 | 30/10/2019 | Ej.1 | 30/10/2019 | Canje | Libro |